Harry Potter Trivia - Statistics

General Stats
  • This quiz has been taken 61 times
  • The average score is 8 of 13
Answer Stats
Question Answer % Correct
What subject does Neville Longbottom teach? Herbology
92%
Where is Beauxbatons Academy of Magic located? France
88%
What position in Quidditch does Cormac McLaggen play? Keeper
88%
Who plays Minerva McGonagall in the movies? Maggie Smith
75%
When is Harry's Birthday? July 31
69%
Which Hogwarts tower is tallest? Astronomy Tower
67%
Who could control Peeves? The Bloody Baron
65%
Who betrays Dumbledore's Army? Marietta Edgecombe
60%
How many staircases does Hogwarts have? 142
50%
What is Nearly Headless Nick's full name? Sir Nicholas de Mimsy-Porpington
48%
How does Hagrid hide his wand pieces? His pink umbrella
33%
Who is Mrs. Norris? Argus Filch's cat
23%
Who is on a tapestry outside the Room of Requirement? Barnabus the Barmy
17%
No matching quizzes found
Score Distribution
Percent of People with Each Score
Percentile by Number Answered
Your Score History
You have not taken this quiz